000 00628nam a2200205Ia 4500
003 IN-BaIIA
008 211028s9999 xx 000 0 eng d
020 _a978-981-02-0804-2
040 _cIIA Library
080 _a532.59
_bCAV
100 _aCaviglia, Giacomo
_935995
245 0 _aInhomogeneous waves in solids and fluids
_cGiacomo Caviglia and Angelo Morro
260 _aSingapore
_bWorld Scientific
_c1992
300 _axii, 301p.
490 _aSeries in theoretical and applied mechanics; 7
650 _aInhomogeneous waves
_935996
650 _aRadio physics
_911098
700 _aMorro, Angelo
_935997
942 _cBK
999 _c18830
_d18830